Best Selling Video Games Of All Time - Statistics

General Stats
  • This quiz has been taken 220 times
  • The average score is 15 of 50
Answer Stats
Sales
(Millions)
Release
Year
Game Title % Correct
350 2011 Minecraft
85%
225 2013 Grand Theft Auto V
81%
30.8 2006 New Super Mario Bros.
79%
30.3 2009 New Super Mario Bros. Wii
79%
58 1985 Super Mario Bros
79%
30.2 2017 Super Mario Odyssey
79%
79.1 2014 Mario Kart 8 Deluxe
71%
37.4 2008 Mario Kart Wii
71%
520 1988 Tetris
69%
25 2008 Grand Theft Auto IV
58%
82 2018 Red Dead Redemption 2
43%
82.9 2006 Wii Sports
43%
33.1 2009 Wii Sports Resort
43%
27.5 2004 Grand Theft Auto: San Andreas
40%
40 1991 Sonic the Hedgehog
37%
30.1 1999 Pokémon Gold/Silver/Crystal
33%
47.4 1996 Pokémon Red/Blue/Yellow
33%
28.1 2022 Pokémon Scarlet/Violet
33%
27.1 2019 Pokémon Sword/Shield
33%
35.3 2017 The Legend of Zelda: Breath of the Wild
31%
26.2 2010 Call of Duty: Black Ops
29%
43 2015 Call of Duty: Black Ops III
29%
30 2022 Elden Ring
29%
26.6 2013 The Last of Us
27%
37.4 2018 Super Smash Bros: Ultimate
25%
30 2011 The Elder Scrolls V: Skyrim
25%
41 2019 Call of Duty: Modern Warfare
23%
50 2016 Overwatch
23%
26.1 2018 Marvel's Spider Man Remastered
20%
64 2011 Terraria
20%
60 2015 The Witcher 3: Wild Hunt
20%
75 2017 PUBG: Battlegrounds
18%
50 2000 The Sims
17%
49.3 2020 Animal Crossing: New Horizons
16%
35 2020 Cyberpunk 2077
16%
50 2016 Stardew Valley
11%
43.8 2007 Wii Fit Plus
11%
28 2006 Wii Play
9%
40 2023 Hogwarts Legacy
8%
30 2012 Borderlands 2
7%
26.5 2011 Call of Duty: Modern Warfare III
7%
28.3 1984 Duck Hunt
7%
27 2021 It Takes Two
7%
30 2020 Call of Duty: Black Ops Cold War
5%
40 2013 Payday 2
4%
28 2024 Black Myth: Wukong
3%
25.6 2006 Garry's Mod
3%
55 2016 Human: Fall Flat
3%
29.1 2018 Monster Hunter: World
3%
25 2024 Phasmophobia
1%
No matching quizzes found
Score Distribution
Percent of People with Each Score
Percentile by Number Answered
Your Score History
You have not taken this quiz